000 00773nam a22002537a 4500
005 20170124110153.0
010 _aB-126343
020 _c150.00
_a8120325117
035 _aB-126343
037 _bCen Lib/Ret
040 _aDPL
_bEN
082 _a658.4012
_bHUN
100 _aHunger, J.David
_934512
245 _aEssentials of strategic management /
_cby J.David Hunger [and] Thomas L.Wheelen
250 _a3rd ed
260 _aNew Delhi
_bPrentice Hall of India
_c2003
270 _aM-97, Connaught Circus
_bNew Delhi
_e110001
300 _aviii,191p.
_c23cm(pbk)
500 _aIncludes index
650 _aStrategic planning
_922791
650 _aCase method
_934513
700 _aWheelen, Thomas L.
_934514
942 _2ddc
_cEN
_h658.4012
_mHUN
999 _c132371
_d132371